Normal view
MARC view
- Hussain, G
Entry Personal Name
001 - CONTROL NUMBER
- control field: 65250
003 - CONTROL NUMBER IDENTIFIER
- control field: NUST
005 - DATE AND TIME OF LATEST TRANSACTION
- control field: 20210628203415.0
008 - FIXED-LENGTH DATA ELEMENTS
- fixed length control field: 210628|| aca||aabn | a|a d
040 ## - CATALOGING SOURCE
- Original cataloging agency: NUST
- Transcribing agency: NUST
100 ## - HEADING--PERSONAL NAME
- Personal name: Hussain, G
670 ## - SOURCE DATA FOUND
- Source citation: Work cat.: (NUST): Hussain, G., Zanib ul iman urdu tarjuma tafseer quran rafeq ul shan, 1999
